00845nam a2200217 a 450000100100000000500170001000800410002704000250006808200190009310000260011224501170013826000340025530000280028960000400031765000470035770000390040470000410044304900090048495201170049399900170061000002584920200930024110.0110217s1938 ag a r 000 | spa d aDO-SdBNPbspacBNPHU a923.243bF763Z1 aZweig, Stefan,94838810aFouché :bretrato de un político /cStefan Zweig; traducción Máximo José Kahn, Miguel Pérez Ferrero. aBarcelona :bJuventud,c1938. a276 p. :bil. ;c22 cm. 4aFOUCHÉ, JOSEPH,d1759-1820952680 4aPolíticos francesesxBiografías9526811 aJosé Kahn, Máximo,etr.9526821 aPérez Ferrero, Miguel,etr.952683 aBNGR 001050718MOaGRbGRcCTd2011-02-23iLF1l0o923.243 F763Zp25849-10r2020-06-25w2020-06-25y1ZNo se presta c25341d25341